[Event "Zagreb Superbet Blitz"]
[Site "Zagreb"]
[Date "2025.07.06"]
[Round "10"]
[White "Duda, Jan Krzysztof"]
[Black "Firouzja, Alireza"]
[Result "0-1"]
[WhiteElo "2725"]
[BlackElo "2766"]
[PlyCount "122"]
[EventDate "2025.07.05"]
[EventType "tourn (blitz)"]
[EventRounds "18"]
[EventCountry "CRO"]
[SourceTitle "CB28_2025"]
[SourceDate "2025.07.09"]
[SourceVersion "1"]
[SourceVersionDate "2025.07.09"]
[SourceQuality "1"]

1. e4 c5 2. Nf3 d6 3. d4 cxd4 4. Nxd4 Nf6 5. Nc3 a6 6. Be2 e5 7. Nb3 Be7 8. 0-0 Be6 9. f4 0-0 10. f5 Bd7 11. a4 Bc6 12. Bf3 Nbd7 13. a5 b5 14. axb6 Qxb6+ 15. Kh1 a5 16. Nd2 Nc5 17. Nc4 Qb4 18. Qe2 a4 19. Bg5 a3 20. Bd2 axb2 21. Rab1 Na4 22. Nd5 Qb7 23. Na5 Rxa5 24. Nxe7+ Qxe7 25. Bxa5 Qb7 26. Rfe1 Ra8 27. Bd2 Nc5 28. Bc3 Ncxe4 29. Bxb2 Qd7 30. c4 Qxf5 31. Ra1 Rb8 32. Ra6 Qc8 33. Rea1 h6 34. Bc1 Nc3 35. Qe3 Bxf3 36. Qxf3 Nce4 37. R6a4 Qe6 38. Ra8 Rxa8 39. Rxa8+ Kh7 40. Ra4 Nc5 41. Rb4 e4 42. Qe2 Nd3 43. Rb1 Qxc4 44. Be3 d5 45. Rf1 d4 46. Bg1 e3 47. Bxe3 dxe3 48. Qxe3 Ne5 49. Re1 Ng6 50. h3 Qd5 51. Qe2 Nf4 52. Qc2+ Ng6 53. Re3 Qd6 54. Qb3 Qd7 55. Rd3 Qc7 56. Rc3 Qa7 57. Rc1 Ne4 58. Qc2 f5 59. Qb3 Qd4 60. Rc8 Ne7 61. Rc1 Nf2+ 0-1

[Event "Zagreb Superbet Blitz"]
[Site "Zagreb"]
[Date "2025.07.06"]
[Round "12"]
[White "Saric, Ivan"]
[Black "Firouzja, Alireza"]
[Result "1-0"]
[WhiteElo "2661"]
[BlackElo "2766"]
[PlyCount "51"]
[EventDate "2025.07.05"]
[EventType "tourn (blitz)"]
[EventRounds "18"]
[EventCountry "CRO"]
[SourceTitle "CB28_2025"]
[SourceDate "2025.07.09"]
[SourceVersion "1"]
[SourceVersionDate "2025.07.09"]
[SourceQuality "1"]

1. e4 c5 2. Nf3 d6 3. d4 cxd4 4. Nxd4 Nf6 5. Nc3 a6 6. Bg5 e6 7. f4 Qc7 8. Bxf6 gxf6 9. Be2 Nc6 10. Qd2 h5 11. 0-0-0 Bd7 12. Kb1 0-0-0 13. Rhf1 Kb8 14. Rf3 h4 15. Bf1 Qb6 16. Nb3 Rc8 17. Na4 Qa7 18. Na5 Rh5 19. f5 Ne5 20. Rb3 b5 21. c4 Bh6 22. Qxd6+ Qc7 23. Qxa6 Qa7 24. cxb5 Qxa6 25. bxa6+ Kc7 26. Rb7+ 1-0

[Event "Zagreb Superbet Blitz"]
[Site "Zagreb"]
[Date "2025.07.05"]
[Round "5"]
[White "Firouzja, Alireza"]
[Black "Praggnanandhaa, Rameshbabu"]
[Result "1/2-1/2"]
[WhiteElo "2766"]
[BlackElo "2779"]
[PlyCount "165"]
[EventDate "2025.07.05"]
[EventType "tourn (blitz)"]
[EventRounds "18"]
[EventCountry "CRO"]
[SourceTitle "CB28_2025"]
[SourceDate "2025.07.09"]
[SourceVersion "1"]
[SourceVersionDate "2025.07.09"]
[SourceQuality "1"]

1. c4 Nf6 2. Nf3 c5 3. g3 Nc6 4. Bg2 g6 5. d4 cxd4 6. Nxd4 Bg7 7. Nc3 0-0 8. 0-0 Nxd4 9. Qxd4 d6 10. Bd2 Ng4 11. Qd3 Bf5 12. e4 Ne5 13. Qe2 Bg4 14. f3 Be6 15. b3 a6 16. f4 Nc6 17. Rac1 Rc8 18. f5 Bd7 19. Nd5 b5 20. Be3 bxc4 21. Rxc4 Rb8 22. Bg5 h6 23. f6 hxg5 24. Rxc6 Bxc6 25. fxe7 Qd7 26. exf8R+ Rxf8 27. Nf6+ Bxf6 28. Rxf6 Qe7 29. Rf2 Bb5 30. Qd2 Rc8 31. a4 Bd7 32. Bf1 Qxe4 33. Qxd6 Be6 34. Qd3 Qxd3 35. Bxd3 a5 36. Rb2 Rc3 37. Bc2 Bd5 38. Kf2 Kg7 39. Bd1 Rc1 40. Ke2 f5 41. b4 axb4 42. Rxb4 Ra1 43. h4 Kh6 44. Kd2 Ra3 45. Be2 Rxg3 46. hxg5+ Kxg5 47. a5 Ra3 48. a6 Be4 49. Bb5 Kf4 50. Ba4 Ke5 51. a7 Bh1 52. Kc2 f4 53. Kb2 Rd3 54. Rb6 Rd8 55. Rb8 Rd4 56. Bb5 g5 57. Kc3 Rd1 58. Re8+ Kf6 59. a8Q Bxa8 60. Rxa8 Rd6 61. Rf8+ Kg7 62. Rf5 Kg6 63. Re5 Kh5 64. Be2+ Kh4 65. Rf5 Rd8 66. Kc2 Rd4 67. Kc3 Ra4 68. Kd2 g4 69. Rf8 Kg3 70. Bd3 Ra7 71. Rg8 f3 72. Bf5 f2 73. Bxg4 f1N+ 74. Ke1 Ra1+ 75. Bd1+ Kh4 76. Rg4+ Kh3 77. Re4 Ng3 78. Re8 Nf5 79. Kd2 Ra2+ 80. Bc2 Nd4 81. Rc8 Nxc2 82. Rxc2 Rxc2+ 83. Kxc2 1/2-1/2

[Event "Zagreb Superbet Rapid"]
[Site "Zagreb"]
[Date "2025.07.03"]
[Round "4"]
[White "Carlsen, Magnus"]
[Black "Firouzja, Alireza"]
[Result "1/2-1/2"]
[WhiteElo "2837"]
[BlackElo "2766"]
[PlyCount "149"]
[EventDate "2025.07.02"]
[EventType "tourn (rapid)"]
[EventRounds "9"]
[EventCountry "CRO"]
[EventCategory "21"]
[SourceTitle "CB28_2025"]
[SourceDate "2025.07.09"]
[SourceVersion "1"]
[SourceVersionDate "2025.07.09"]
[SourceQuality "1"]

1. Nf3 d5 2. g3 c5 3. Bg2 Nc6 4. d4 e6 5. 0-0 Nf6 6. b3 Bd7 7. e3 Rc8 8. c4 cxd4 9. exd4 dxc4 10. bxc4 Na5 11. Nbd2 Bb4 12. Ne5 Bc3 13. Rb1 Bxd4 14. Ndf3 Bxe5 15. Nxe5 0-0 16. Ba3 Re8 17. Bxb7 Nxb7 18. Rxb7 Rc7 19. Rb1 Qa8 20. Qd4 Bc6 21. Bd6 Rcc8 22. Qf4 Be4 23. Rb3 Bg6 24. f3 a5 25. Rb5 Qa6 26. Rd1 Nd5 27. Qd4 Qxd6 28. cxd5 exd5 29. Rxd5 Qa3 30. Rd2 f6 31. Nxg6 Qxf3 32. Ne7+ Rxe7 33. Rd8+ Rxd8 34. Qxd8+ Kf7 35. Qd5+ Qxd5 36. Rxd5 Re5 37. Rd7+ Kg6 38. Ra7 h5 39. a4 Kh6 40. h4 g5 41. Kf2 g4 42. Ra6 Kg6 43. Ra7 Kf5 44. Ra6 Rc5 45. Ke3 Ke5 46. Ra8 Rc3+ 47. Kf2 Ke4 48. Re8+ Kf5 49. Ra8 Ke4 50. Re8+ Kd4 51. Rd8+ Kc4 52. Rh8 Rf3+ 53. Kg2 Rf5 54. Rb8 Rd5 55. Kf2 Rd2+ 56. Ke3 Rg2 57. Kf4 Rf2+ 58. Ke4 Rf3 59. Rh8 Rxg3 60. Rxh5 Rf3 61. Rh8 f5+ 62. Ke5 g3 63. Rg8 f4 64. h5 Rf2 65. h6 Rh2 66. Kxf4 Rxh6 67. Rxg3 Kb4 68. Ke3 Kxa4 69. Kd2 Rc6 70. Rc3 Rxc3 71. Kxc3 Kb5 72. Kb2 a4 73. Ka1 a3 74. Ka2 Kc5 75. Kxa3 1/2-1/2

[Event "Zagreb Superbet Rapid"]
[Site "Zagreb"]
[Date "2025.07.02"]
[Round "1"]
[White "Firouzja, Alireza"]
[Black "Praggnanandhaa, Rameshbabu"]
[Result "1/2-1/2"]
[WhiteElo "2766"]
[BlackElo "2767"]
[PlyCount "100"]
[EventDate "2025.07.02"]
[EventType "tourn (rapid)"]
[EventRounds "9"]
[EventCountry "CRO"]
[EventCategory "21"]
[SourceTitle "CB28_2025"]
[SourceDate "2025.07.09"]
[SourceVersion "1"]
[SourceVersionDate "2025.07.09"]
[SourceQuality "1"]

1. d4 d5 2. c4 dxc4 3. e4 e5 4. Nf3 Bb4+ 5. Nc3 exd4 6. Nxd4 Nd7 7. Bxc4 Ngf6 8. f3 0-0 9. Be2 Ne5 10. 0-0 Qe7 11. Bg5 Bxc3 12. bxc3 c5 13. Nb3 Rd8 14. Qc1 h6 15. Bxf6 Qxf6 16. f4 Nd3 17. Qe3 Qxc3 18. Bxd3 Rxd3 19. Qxc5 b6 20. Qxc3 Rxc3 21. Rac1 Re3 22. e5 Be6 23. Rf3 Rxf3 24. gxf3 Rd8 25. Kf2 a5 26. Ke3 b5 27. Nxa5 Ra8 28. Nc6 Rxa2 29. f5 Bc4 30. Rd1 Rxh2 31. Rd8+ Kh7 32. Rd7 Rc2 33. Nd4 Rc3+ 34. Kf4 b4 35. e6 fxe6 36. f6 Kg6 37. fxg7 Kh7 38. Ke5 b3 39. Kf6 e5 40. Nf5 Bg8 41. Kxe5 Rc5+ 42. Kf4 Kg6 43. Rd6+ Kf7 44. Rxh6 b2 45. Rb6 Rxf5+ 46. Kxf5 b1Q+ 47. Rxb1 Bh7+ 48. Ke5 Bxb1 49. f4 Kxg7 50. f5 Bxf5 1/2-1/2

[Event "WchT Blitz Final"]
[Site "London"]
[Date "2025.06.15"]
[Round "2.1"]
[White "Firouzja, Alireza"]
[Black "Svane, Rasmus"]
[Result "1-0"]
[WhiteElo "2766"]
[BlackElo "2626"]
[PlyCount "121"]
[EventDate "2025.06.15"]
[EventType "team-k.o. (blitz)"]
[EventRounds "4"]
[EventCountry "ENG"]
[SourceTitle "CB25_2025"]
[SourceDate "2025.06.18"]
[SourceVersion "1"]
[SourceVersionDate "2025.06.18"]
[SourceQuality "1"]
[WhiteTeam "WR Chess"]
[BlackTeam "Germany and Friends"]
[WhiteTeamCountry "GER"]
[BlackTeamCountry "GER"]

1. e4 e5 2. Nf3 Nc6 3. Bb5 a6 4. Ba4 Nf6 5. 0-0 Be7 6. Re1 b5 7. Bb3 0-0 8. h3 Bb7 9. d3 d5 10. exd5 Nxd5 11. Nbd2 Nd4 12. Nxe5 c5 13. Ndf3 Nxb3 14. axb3 f6 15. Ng4 Qd7 16. Bd2 Rfe8 17. Re2 Bf8 18. Rxe8 Rxe8 19. Qf1 Nc7 20. Ngh2 Ne6 21. Re1 Nd4 22. Nxd4 cxd4 23. Rxe8 Qxe8 24. Qd1 Qc6 25. Nf3 Kf7 26. Bf4 Qd7 27. Bg3 Bc5 28. Nd2 Qf5 29. Ne4 Be7 30. Qe2 g6 31. Bd6 Bd8 32. Qd2 Kg7 33. f3 Qe6 34. Nc5 Qxd6 35. Nxb7 Qd5 36. Nxd8 Qxd8 37. Qf4 Qc8 38. Qxd4 Qxc2 39. b4 g5 40. h4 gxh4 41. Kh2 Qd2 42. Qg4+ Kf8 43. Qc8+ Kg7 44. Qg4+ Kf8 45. Qxh4 Qxb2 46. Qh6+ Kg8 47. Qe3 Qxb4 48. Qe6+ Kg7 49. Qd7+ Kg6 50. Qe8+ Kg7 51. Qd7+ Kg6 52. Qe8+ Kh6 53. Qe6 Qf4+ 54. Kh1 a5 55. Qe7 b4 56. Qf8+ Kg6 57. Qg8+ Kh6 58. Qf8+ Kg6 59. Qg8+ Kf5 60. g4+ Ke5 61. Qb8+ 1-0

[Event "WchT Blitz Final"]
[Site "London"]
[Date "2025.06.15"]
[Round "4.1"]
[White "Grischuk, Alexander"]
[Black "Firouzja, Alireza"]
[Result "1/2-1/2"]
[WhiteElo "2667"]
[BlackElo "2766"]
[PlyCount "82"]
[EventDate "2025.06.15"]
[EventType "team-k.o. (blitz)"]
[EventRounds "4"]
[EventCountry "ENG"]
[SourceTitle "CB25_2025"]
[SourceDate "2025.06.18"]
[SourceVersion "1"]
[SourceVersionDate "2025.06.18"]
[SourceQuality "1"]
[WhiteTeam "KazChess"]
[BlackTeam "WR Chess"]
[WhiteTeamCountry "KAZ"]
[BlackTeamCountry "GER"]

1. e4 c5 2. Nf3 d6 3. d4 cxd4 4. Nxd4 Nf6 5. Nc3 a6 6. Bg5 Nbd7 7. Bc4 Qb6 8. Bb3 e6 9. Qd2 Be7 10. 0-0-0 Nc5 11. f3 Qc7 12. Kb1 b5 13. a3 Rb8 14. g4 0-0 15. h4 Re8 16. h5 h6 17. Bh4 Nh7 18. Bxe7 Rxe7 19. f4 Bb7 20. Rde1 Nf6 21. g5 Nfxe4 22. Nxe4 Bxe4 23. Rhg1 hxg5 24. Rxg5 d5 25. Reg1 f6 26. R5g4 Rc8 27. Ka1 Nxb3+ 28. cxb3 Kh8 29. Qe3 e5 30. fxe5 Qxe5 31. Nc6 Rxc6 32. Rxg7 f5 33. Rg8+ Kh7 34. Qg5 f4 35. Rh8+ Qxh8 36. Qxe7+ Kh6 37. Qg5+ Kh7 38. Qe7+ Kh6 39. Qg5+ Kh7 40. Qe7+ Kh6 41. Qg5+ Kh7 1/2-1/2

[Event "WchT Blitz Final"]
[Site "London"]
[Date "2025.06.15"]
[Round "4.2"]
[White "Rapport, Richard"]
[Black "Firouzja, Alireza"]
[Result "0-1"]
[WhiteElo "2714"]
[BlackElo "2766"]
[PlyCount "70"]
[EventDate "2025.06.15"]
[EventType "team-k.o. (blitz)"]
[EventRounds "4"]
[EventCountry "ENG"]
[SourceTitle "CB25_2025"]
[SourceDate "2025.06.18"]
[SourceVersion "1"]
[SourceVersionDate "2025.06.18"]
[SourceQuality "1"]
[WhiteTeam "KazChess"]
[BlackTeam "WR Chess"]
[WhiteTeamCountry "KAZ"]
[BlackTeamCountry "GER"]

1. e4 c5 2. Nf3 d6 3. c3 Nf6 4. Be2 Bd7 5. e5 dxe5 6. Nxe5 Nc6 7. Nxd7 Qxd7 8. 0-0 g6 9. d3 Bg7 10. a4 0-0 11. Na3 Nd5 12. Nc4 Rfd8 13. a5 b5 14. axb6 axb6 15. Rxa8 Rxa8 16. Bf3 Rb8 17. Be4 e6 18. f4 b5 19. Ne3 b4 20. Bxd5 exd5 21. c4 dxc4 22. dxc4 Qxd1 23. Rxd1 Nd4 24. Kf2 Nb3 25. Nd5 Nxc1 26. Rxc1 Bxb2 27. Rb1 Bd4+ 28. Kf3 Ra8 29. f5 Kg7 30. g4 Ra3+ 31. Ke4 b3 32. f6+ Kf8 33. Nb4 Bxf6 34. Nd3 b2 35. Ne5 Ra1 0-1

[Event "WchT Rapid"]
[Site "London"]
[Date "2025.06.12"]
[Round "6.1"]
[White "Erigaisi, Arjun Kumar"]
[Black "Firouzja, Alireza"]
[Result "1/2-1/2"]
[WhiteElo "2708"]
[BlackElo "2753"]
[PlyCount "133"]
[EventDate "2025.06.11"]
[EventType "team-swiss"]
[EventRounds "12"]
[EventCountry "ENG"]
[SourceTitle "CB25_2025"]
[SourceDate "2025.06.18"]
[SourceVersion "1"]
[SourceVersionDate "2025.06.18"]
[SourceQuality "1"]
[WhiteTeam "Team MGD1"]
[BlackTeam "WR Chess"]
[WhiteTeamCountry "IND"]
[BlackTeamCountry "GER"]

1. d4 d5 2. c4 c6 3. Nc3 Nf6 4. e3 e6 5. Nf3 Nbd7 6. a4 Bb4 7. Bd3 0-0 8. 0-0 b6 9. cxd5 exd5 10. Qc2 Bb7 11. Ne5 Re8 12. f4 c5 13. Bd2 Nf8 14. dxc5 Bxc5 15. Nb5 Rc8 16. Qb3 a6 17. Nd4 Ng6 18. Bxg6 hxg6 19. a5 b5 20. Bb4 Ba7 21. Rac1 Rc4 22. Rcd1 Qc8 23. Qa3 Ng4 24. Nxc4 dxc4 25. Rfe1 Re4 26. h3 Nxe3 27. Rxe3 Bxd4 28. Rxd4 Rxd4 29. Qc3 Qc6 30. Re2 Qf6 31. Qe1 Qxf4 32. Bc3 Rd3 33. Qf2 Qg5 34. Re8+ Kh7 35. Re5 Qc1+ 36. Kh2 Qh6 37. h4 Bd5 38. Re7 Qh5 39. Re5 Qh6 40. Re7 Qc1 41. Re1 Rd1 42. Rxd1 Qxd1 43. Qd4 Qxd4 44. Bxd4 b4 45. g4 g5 46. hxg5 Kg6 47. Be3 f6 48. gxf6 Kxf6 49. Bd4+ Kf7 50. Kg3 g5 51. Bc5 c3 52. bxc3 b3 53. Ba3 Ke8 54. Kf2 Be6 55. Ke3 Bxg4 56. Kd4 Bd1 57. c4 g4 58. Kc3 g3 59. Bd6 g2 60. Bc5 Kd7 61. Bg1 Ke6 62. Bf2 Kf5 63. Bg1 Ke4 64. Bf2 Bc2 65. Bg1 Kf4 66. Bh2+ Ke4 67. Bg1 1/2-1/2

[Event "WchT Rapid"]
[Site "London"]
[Date "2025.06.12"]
[Round "7.1"]
[White "Firouzja, Alireza"]
[Black "Aronian, Levon"]
[Result "1-0"]
[WhiteElo "2753"]
[BlackElo "2746"]
[PlyCount "83"]
[EventDate "2025.06.11"]
[EventType "team-swiss"]
[EventRounds "12"]
[EventCountry "ENG"]
[SourceTitle "CB25_2025"]
[SourceDate "2025.06.18"]
[SourceVersion "1"]
[SourceVersionDate "2025.06.18"]
[SourceQuality "1"]
[WhiteTeam "WR Chess"]
[BlackTeam "Hexamind Team"]
[WhiteTeamCountry "GER"]
[BlackTeamCountry "USA"]

1. e4 e6 2. d4 d5 3. Nc3 Nf6 4. e5 Nfd7 5. f4 c5 6. Nf3 Nc6 7. Be3 a6 8. Qd2 b5 9. Qf2 Qa5 10. Bd3 b4 11. Nd1 c4 12. Be2 b3+ 13. c3 Qxa2 14. Rc1 Nb6 15. 0-0 a5 16. f5 exf5 17. Nh4 g6 18. g4 Be6 19. gxf5 gxf5 20. Nxf5 Rg8+ 21. Kh1 0-0-0 22. Bh6 Na4 23. Bxf8 Rdxf8 24. Nd6+ Kb8 25. Bf3 f6 26. Qh4 fxe5 27. Qxh7 Nd8 28. Qe7 Nb6 29. Nb5 Rf7 30. Qd6+ Kb7 31. Qxe5 Rd7 32. Na3 Rf8 33. Qe2 Rdf7 34. Bg2 Rxf1+ 35. Bxf1 Na4 36. Bg2 Kc8 37. Nb5 Kd7 38. Qe5 Kc6 39. Qd6+ Kxb5 40. Qxf8 Nxb2 41. Qxd8 Kc6 42. Ne3 1-0

[Event "WchT Rapid"]
[Site "London"]
[Date "2025.06.12"]
[Round "5.1"]
[White "Firouzja, Alireza"]
[Black "Jones, Gawain C B"]
[Result "1-0"]
[WhiteElo "2753"]
[BlackElo "2635"]
[PlyCount "121"]
[EventDate "2025.06.11"]
[EventType "team-swiss"]
[EventRounds "12"]
[EventCountry "ENG"]
[SourceTitle "CB25_2025"]
[SourceDate "2025.06.18"]
[SourceVersion "1"]
[SourceVersionDate "2025.06.18"]
[SourceQuality "1"]
[WhiteTeam "WR Chess"]
[BlackTeam "Malcolm's Mates"]
[WhiteTeamCountry "GER"]
[BlackTeamCountry "ENG"]

1. e4 e5 2. Nf3 Nc6 3. Bb5 a6 4. Ba4 Nf6 5. 0-0 d6 6. c3 Bd7 7. d4 g6 8. h3 Bg7 9. Bc2 0-0 10. Be3 Kh8 11. Nbd2 Qe8 12. Re1 Nh5 13. a4 a5 14. Bb3 Rd8 15. Bd5 exd4 16. cxd4 Nb4 17. Bc4 c6 18. Bg5 f6 19. Be3 g5 20. Be2 Nf4 21. Bxf4 gxf4 22. Bf1 f5 23. e5 dxe5 24. Nxe5 Be6 25. Ndf3 Bd5 26. Bc4 Be4 27. Qb3 Nc2 28. Qxb7 Rb8 29. Qc7 Rc8 30. Qa7 Ra8 31. Qc7 Rc8 32. Qxa5 Nxa1 33. Rxa1 c5 34. Qa7 cxd4 35. Nf7+ Rxf7 36. Bxf7 Qd8 37. Bb3 d3 38. Rd1 Rc7 39. Qa5 Rd7 40. Qb5 Bxb2 41. Ne5 Bxe5 42. Qxe5+ Rg7 43. Kh2 h6 44. Rg1 Qg5 45. Bd1 Kh7 46. f3 Bb7 47. Qd6 Be4 48. Qd4 Qe7 49. fxe4 Qxe4 50. Qf2 Re7 51. Rf1 Rg7 52. a5 Qc6 53. Bf3 Qa4 54. Qc5 Rg5 55. Qc3 Rg7 56. Ra1 Qb5 57. a6 Ra7 58. Ra5 Qd7 59. Rd5 Qe6 60. Qxd3 Qxa6 61. Rd7+ 1-0

[Event "WchT Rapid"]
[Site "London"]
[Date "2025.06.11"]
[Round "1.1"]
[White "Firouzja, Alireza"]
[Black "Turner, Matthew"]
[Result "1-0"]
[WhiteElo "2753"]
[BlackElo "2506"]
[PlyCount "77"]
[EventDate "2025.06.11"]
[EventType "team-swiss"]
[EventRounds "12"]
[EventCountry "ENG"]
[SourceTitle "CB25_2025"]
[SourceDate "2025.06.18"]
[SourceVersion "1"]
[SourceVersionDate "2025.06.18"]
[SourceQuality "1"]
[WhiteTeam "WR Chess"]
[BlackTeam "Sassy Seniors"]
[WhiteTeamCountry "GER"]
[BlackTeamCountry "ENG"]

1. e4 e5 2. Nf3 Nc6 3. Bb5 a6 4. Ba4 Nf6 5. 0-0 Be7 6. Re1 b5 7. Bb3 d6 8. c3 0-0 9. h3 Nb8 10. d4 Nbd7 11. Nbd2 Bb7 12. Bc2 Re8 13. Nf1 c5 14. Ng3 cxd4 15. cxd4 exd4 16. Nxd4 d5 17. exd5 Bxd5 18. Ndf5 Bf8 19. Bf4 Qb6 20. Qd2 Rac8 21. Rxe8 Rxe8 22. a4 Nc5 23. axb5 axb5 24. Be3 Qc6 25. f3 Nb3 26. Bxb3 Bxb3 27. Bd4 Be6 28. Rc1 Qd7 29. Qg5 Bxf5 30. Nxf5 Re6 31. Ra1 Ne8 32. Ra7 Qc6 33. Qf4 f6 34. Qg4 Re1+ 35. Kh2 Qc1 36. Bc3 Rh1+ 37. Kg3 g6 38. Ne7+ Kh8 39. Ra8 1-0

[Event "WchT Rapid"]
[Site "London"]
[Date "2025.06.11"]
[Round "4.1"]
[White "Sevian, Samuel"]
[Black "Firouzja, Alireza"]
[Result "1-0"]
[WhiteElo "2636"]
[BlackElo "2753"]
[PlyCount "155"]
[EventDate "2025.06.11"]
[EventType "team-swiss"]
[EventRounds "12"]
[EventCountry "ENG"]
[SourceTitle "CB25_2025"]
[SourceDate "2025.06.18"]
[SourceVersion "1"]
[SourceVersionDate "2025.06.18"]
[SourceQuality "1"]
[WhiteTeam "Freedom"]
[BlackTeam "WR Chess"]
[WhiteTeamCountry "IND"]
[BlackTeamCountry "GER"]

1. e4 e5 2. Nf3 Nc6 3. Bc4 Nf6 4. d3 Bc5 5. c3 d6 6. Bg5 h6 7. Bh4 a5 8. Nbd2 g5 9. Bg3 0-0 10. h3 Ba7 11. Bh2 Kg7 12. a4 Re8 13. Qb3 Qe7 14. g4 Nd8 15. 0-0-0 Bxf2 16. d4 Be3 17. dxe5 dxe5 18. Bxe5 Nc6 19. Bxf6+ Qxf6 20. Rhf1 Bf4 21. Kb1 Be6 22. Bd5 Rad8 23. Nc4 Bc8 24. Ka1 Ne7 25. Bxb7 Bxb7 26. Rxd8 Rxd8 27. Qxb7 Qe6 28. Nxa5 c5 29. Qb3 Qa6 30. Qb5 Qa7 31. Nc6 Nxc6 32. Qxc6 Rd6 33. Qb5 Rb6 34. Qc4 Qb7 35. Rf2 Be3 36. Rc2 Re6 37. Ka2 Rxe4 38. Qb5 Qd5+ 39. b3 Bf4 40. Nd4 Kh7 41. a5 Re5 42. Ne2 Kg7 43. Kb2 Qd1 44. a6 Bd2 45. a7 Rxe2 46. Qxe2 Qxe2 47. a8Q Qd3 48. Qc6 Be3 49. Qc7 Qd5 50. Qc8 Qf3 51. Qf5 Qxh3 52. Qe5+ Kg8 53. Qe8+ Kg7 54. Qe5+ Kg8 55. Re2 Bf4 56. Qf6 Be3 57. Ka2 Qg3 58. Qxh6 c4 59. b4 Qf4 60. Rh2 Qe5 61. Qh7+ Kf8 62. Qh8+ Qxh8 63. Rxh8+ Ke7 64. Rc8 f5 65. Rxc4 Kf6 66. Kb3 fxg4 67. Rxg4 Kf5 68. Rg3 Ba7 69. c4 Kf4 70. Rg2 Be3 71. Re2 g4 72. c5 g3 73. c6 Bb6 74. Re7 g2 75. Rg7 Kf3 76. Kc4 Bc7 77. Rxg2 Kxg2 78. Kd5 1-0

[Event "Titled Tuesday intern op 03rd Jan Late"]
[Site "Chess.com INT"]
[Date "2025.06.03"]
[Round "9"]
[White "Firouzja, Alireza"]
[Black "Sjugirov, Sanan"]
[Result "1-0"]
[WhiteElo "2757"]
[BlackElo "2638"]
[PlyCount "73"]
[EventDate "2025.06.03"]
[EventType "swiss (blitz)"]
[EventRounds "11"]
[EventCountry "USA"]
[SourceTitle "CB24_2025"]
[SourceDate "2025.06.11"]
[SourceVersion "1"]
[SourceVersionDate "2025.06.11"]
[SourceQuality "1"]

1. Nf3 Nf6 2. g3 d5 3. Bg2 c6 4. 0-0 Bg4 5. h3 Bxf3 6. Bxf3 e5 7. d3 Bc5 8. Bg2 0-0 9. c4 dxc4 10. Qc2 Nbd7 11. Qxc4 Qe7 12. Nc3 h6 13. Rb1 a5 14. Bd2 Rfd8 15. Qb3 Rdb8 16. a3 Ba7 17. Qc2 Nc5 18. b4 axb4 19. axb4 Ne6 20. e3 Qd7 21. Rfd1 Rd8 22. Be1 Nc7 23. b5 Nxb5 24. Nxb5 cxb5 25. Qb3 Bb8 26. Qxb5 Qxb5 27. Rxb5 Bd6 28. Rxb7 Ra2 29. d4 Bf8 30. Bf1 exd4 31. Bc4 Raa8 32. Bxf7+ Kh7 33. exd4 Ra4 34. d5 Ra2 35. Kf1 Bc5 36. d6 Rc2 37. Bb3 1-0

[Event "Titled Tuesday intern op 03rd Jan Late"]
[Site "Chess.com INT"]
[Date "2025.06.03"]
[Round "10"]
[White "Naroditsky, Daniel"]
[Black "Firouzja, Alireza"]
[Result "0-1"]
[WhiteElo "2619"]
[BlackElo "2757"]
[PlyCount "112"]
[EventDate "2025.06.03"]
[EventType "swiss (blitz)"]
[EventRounds "11"]
[EventCountry "USA"]
[SourceTitle "CB24_2025"]
[SourceDate "2025.06.11"]
[SourceVersion "1"]
[SourceVersionDate "2025.06.11"]
[SourceQuality "1"]

1. d4 g6 2. e4 Bg7 3. Nc3 a6 4. f4 b5 5. Nf3 Bb7 6. Bd3 d6 7. a4 c5 8. axb5 cxd4 9. Ne2 Nf6 10. bxa6 Nxa6 11. e5 dxe5 12. fxe5 Ng4 13. Bb5+ Kf8 14. 0-0 Nxe5 15. Nxe5 Bxe5 16. Bc4 f6 17. Bh6+ Ke8 18. Qd3 Nc5 19. Bb5+ Kf7 20. Qc4+ Qd5 21. Rad1 Ne6 22. Qxd5 Bxd5 23. c3 Rhb8 24. cxd4 Rxb5 25. dxe5 Bc4 26. Rf2 Rxe5 27. Nc3 g5 28. h4 Kg6 29. hxg5 fxg5 30. Rd7 Re8 31. Bxg5 Nxg5 32. Rf4 Be6 33. Rc7 h5 34. b4 Bf5 35. b5 Ne6 36. Rc6 Kg5 37. Rf3 Nd4 38. Rg3+ Kf4 39. Kf2 Nxc6 40. Rg7 Bg4 41. bxc6 Rc8 42. Rxe7 Rxe7 43. Nd5+ Ke5 44. Nxe7 Rc7 45. Ng6+ Kf6 46. Nf4 Rxc6 47. Nd3 Kf5 48. Kg1 Ke4 49. Nf2+ Ke3 50. Nh1 h4 51. Kh2 Rc2 52. Kg1 Bf5 53. Kh2 Be4 54. Kh3 Bxg2+ 55. Kh2 Bxh1+ 56. Kh3 Kf4 0-1

[Event "Titled Tuesday intern op 03rd Jan Late"]
[Site "Chess.com INT"]
[Date "2025.06.03"]
[Round "4"]
[White "Zieba, Hubert"]
[Black "Firouzja, Alireza"]
[Result "1/2-1/2"]
[WhiteElo "2233"]
[BlackElo "2757"]
[PlyCount "101"]
[EventDate "2025.06.03"]
[EventType "swiss (blitz)"]
[EventRounds "11"]
[EventCountry "USA"]
[SourceTitle "CB24_2025"]
[SourceDate "2025.06.11"]
[SourceVersion "1"]
[SourceVersionDate "2025.06.11"]
[SourceQuality "1"]

1. d4 g6 2. c4 Bg7 3. Nf3 d6 4. Nc3 Nf6 5. g3 0-0 6. Bg2 c5 7. 0-0 Nc6 8. dxc5 dxc5 9. Bf4 Nh5 10. Be3 b6 11. Ne5 Bxe5 12. Bxc6 Bh3 13. Bxa8 Qxa8 14. Qd5 Bxc3 15. bxc3 Bxf1 16. Qxa8 Rxa8 17. Kxf1 Kf8 18. a4 a5 19. Rb1 Ra6 20. Bf4 Nxf4 21. gxf4 Ke8 22. Kg2 Kd7 23. Kf3 Kc7 24. Rd1 Ra8 25. h4 Rd8 26. Rxd8 Kxd8 27. Ke4 e6 28. Ke5 Ke7 29. e3 f6+ 30. Ke4 Kf7 31. Kf3 Kg7 32. Kg3 f5 33. Kh3 Kh6 34. Kg3 Kh5 35. Kh3 Kh6 36. Kg3 Kg7 37. Kh3 Kf7 38. Kg3 Kf6 39. Kh3 e5 40. Kg3 h6 41. Kh3 g5 42. hxg5+ hxg5 43. fxg5+ Kxg5 44. f3 Kg6 45. f4 exf4 46. exf4 Kh6 47. Kh4 Kg6 48. Kg3 Kh6 49. Kh4 Kg6 50. Kg3 Kh6 51. Kh4 1/2-1/2

[Event "Chess.com Classic Play In"]
[Site "Chess.com INT"]
[Date "2025.05.19"]
[Round "8"]
[White "Atabayev, Saparmyrat"]
[Black "Firouzja, Alireza"]
[Result "1/2-1/2"]
[WhiteElo "2515"]
[BlackElo "2757"]
[PlyCount "94"]
[EventDate "2025.05.19"]
[EventType "swiss (blitz)"]
[EventRounds "9"]
[EventCountry "USA"]
[SourceTitle "CB21_2025"]
[SourceDate "2025.05.21"]
[SourceVersion "1"]
[SourceVersionDate "2025.05.21"]
[SourceQuality "1"]

1. e4 c5 2. Nf3 d6 3. d4 cxd4 4. Nxd4 Nf6 5. Nc3 a6 6. Be2 e5 7. Nb3 Be7 8. Be3 Be6 9. Nd5 Nbd7 10. Qd3 Bxd5 11. exd5 0-0 12. g4 Ne8 13. 0-0-0 Bg5 14. h4 Bxe3+ 15. fxe3 b5 16. g5 Rb8 17. Bg4 Rb7 18. Rdg1 Nc5 19. Nxc5 dxc5 20. h5 Nd6 21. g6 f5 22. gxh7+ Kxh7 23. Be2 c4 24. Qc3 Re8 25. Rg6 Ne4 26. Qa3 Qxd5 27. Qxa6 Nc3 28. bxc3 Qxh1+ 29. Kb2 Ree7 30. a3 Qd5 31. h6 Ra7 32. Qb6 Reb7 33. Rxg7+ Rxg7 34. hxg7 Rxg7 35. Qf6 Qe4 36. Bh5 Rg2 37. Bd1 Rg7 38. Bh5 Qxe3 39. Qxf5+ Kh6 40. Be8 Rg1 41. Qh5+ Kg7 42. Qf7+ Kh8 43. Qh5+ Kg8 44. Qf7+ Kh8 45. Qh5+ Kg7 46. Qf7+ Kh6 47. Qh5+ Kg7 1/2-1/2